Heat transfer
Guardat en:
| Autor principal: | |
|---|---|
| Format: | Llibre |
| Idioma: | anglès |
| Publicat: |
Nueva York
McMillan
1974
|
| Edició: | 3a. ed |
| Matèries: | |
| Etiquetes: |
Afegir etiqueta
Sense etiquetes, Sigues el primer a etiquetar aquest registre!
|
MARC
| LEADER | 00000nam a2200000 a 4500 | ||
|---|---|---|---|
| 001 | UCV4063 | ||
| 003 | CL-VaPUC | ||
| 008 | 890705e19740000US |||||||||||||||||eng|d | ||
| 082 | 0 | 4 | |a 536.2 |b CHA |2 21 |
| 100 | 0 | |a Chapman, Alan Jesse |e author |9 298418 | |
| 245 | 1 | 0 | |a Heat transfer |
| 250 | |a 3a. ed | ||
| 300 | |a 653 p | ||
| 942 | |c BK | ||
| 945 | |d 19890705 00:00:00 | ||
| 260 | |a Nueva York |b McMillan |c 1974 | ||
| 650 | 0 | |a Calor |9 260253 | |
| 650 | 0 | |a Transmisión de calor |9 259410 | |
| 583 | |a last modification |c 20160104 00:44:00 |k Rodrigo Vera | ||
| 999 | |c 211085 |d 211083 | ||
| 952 | |0 0 |1 0 |4 0 |6 536_200000000000000_CHA_1974 |7 0 |8 A |9 188859 |a BIBING |b BIBING |d 2019-11-14 |i 2564920 |o 536.2 CHA 1974 |p 2564920 |r 2025-01-20 |w 2019-11-14 |y BK |k ING | ||
| 952 | |0 0 |1 0 |4 0 |6 536_200000000000000_CHA_1974 |7 0 |8 A |9 188860 |a BIBING |b BIBING |d 2019-11-14 |i 2564939 |o 536.2 CHA 1974 |p 2564939 |r 2025-01-20 |w 2019-11-14 |y BK |k ING | ||
| 952 | |0 0 |1 0 |4 0 |6 536_200000000000000_CHA_1974 |7 0 |8 A |9 188861 |a BIBING |b BIBING |d 2019-11-14 |i 1694456 |o 536.2 CHA 1974 |p 1694456 |r 2025-01-20 |w 2019-11-14 |y BK |k ING | ||